Responses for Show #6622 - Tuesday, June 4, 2013

Contestants

[<< previous game]

David Moore, an operations manager from Nashville, Tennessee

Rachel Gordon, an attorney from Washington, D.C.

J Tarter-Fox, a customer service representative from Cincinnati, Ohio (whose 1-day cash winnings total $33,300)

[next game >>]

Jeopardy! Round responses

THE 5 W's
(Alex: Think of journalism.)
CLOTHING NAME ORIGINS
HOW 'BOUT THEM DODGERS?
HISTORY
IT'S GETTING HOT IN HERE
ALASKAN AQUATIC LIFE
    $200 12
Mary Todd Lincoln

Rachel
    $200 21
argyle

J
    $200 26
Brooklyn

J
    $200 1
Lady Godiva

J
    $200 7
the inferno

J
    $200 6
humpbacks

J
    $400 13
a cummerbund

Rachel
    $400 22
Peter Pan

J
    $400 27
Tommy Lasorda

J
    $400 2
Little Big Horn

David
    $400 8
the Kindle

David
    $400 17
(J: What are rods?)
(David: What are irises?)
(Rachel: What are cones?)

lenses

JRachelDavid
Triple Stumper
    $600 14
the seventies

David
    $600 23
chaps

J
    $600 28
Sandy Koufax

J
    $600 3
Carrie Nation

J
    $600 9
a roast

Rachel
    $600 18
devilfish

J
    $800 15
Toronto

J
    $800 24
Old Mother Hubbard

J
    $800 29
Steve Garvey

Triple Stumper
    $800 4
the Gulf of Tonkin resolution

David
    $800 10
flares

J
    $800 19
symbiotic

J
    $1000 16
why cats always land on their feet

J
    $1000 25
cowl

Rachel
    $1000 30
Eric Gagne

Triple Stumper
    $1,200 5
Christopher Wren

David
    $1000 11
a torch

David
    $1000 20
Medusa

J

Scores at the first commercial break (after clue 15):

J Rachel David
$2,800 $1,200 $4,400

Scores at the end of the Jeopardy! Round:

J Rachel David
$9,000 $1,800 $4,000

Double Jeopardy! Round responses

THE 5 "W"s
(Alex: Sounds familiar, except this time the "W" is in quotation marks, each correct response beginning with that letter.)
NEWSPAPERS
IN THEIR 20s
FLAVOR OF THE MONTH
BRIDGES
JANE AUSTEN IN POP CULTURE
    $400 16
a wading pool

J
    $400 30
the Philadelphia Inquirer

David
    $400 21
Microsoft

J
    $400 1
a June bug

Rachel
    $400 6
the Danube

David
    $400 8
Bridget Jones's Diary

David
    $800 17
a wagon

Rachel
    $800 29
the Baltimore Sun

David
    $800 22
cubism

David
    $800 2
Russia

J
    $800 7
Sydney

J
    $800 9
Nada

J
    $1200 18
a whisk

J
    $200 27
(J: What is The Wall Street Times? [*]?)
(Alex: [Speaking over J's self-correction] Oooh, no, sorry.)

The Wall Street Journal

J
    $1200 23
The Love Song of J. Alfred Prufrock

David
    $1200 3
an October surprise

David
    $1200 13
Sighs

David
    $1200 10
Clueless

Rachel
    $1600 19
a writ

J
    $1600 26
the Chicago Sun-Times

J
    $1600 24
Alan Dershowitz

David
    $2,000 4
the Ides of March

David
    $1600 14
the Pont Neuf

David
    $1600 11
Sea Monsters

J
    $2000 20
a widow's peak

J
    $2000 28
The Denver Post

Rachel
    $2000 25
Light-Horse Harry Lee

Triple Stumper
    $2000 5
August Wilson

David
    $2000 15
Slovenia

David
    $2000 12
Anne Hathaway

David

Scores at the end of the Double Jeopardy! Round:

J Rachel David
$20,000 $6,200 $21,600

[wagering suggestions for these scores]

Final Jeopardy! Round responses

NOTABLE NAMES
RachelWho is Stephen Hawking
$1,200
JWho is Elton John Pistorius
$19,999
DavidWho is David Cameron
$18,401
Stephen Hawking

Final scores:

J Rachel David
$1 $7,400 $3,199
3rd place: $1,000 New champion: $7,400 2nd place: $2,000

Game dynamics:

Coryat scores:

J Rachel David
$20,200 $6,200 $21,000
27 R,
2 W
(including 1 DD)
8 R,
1 W
20 R
(including 2 DDs),
1 W

Combined Coryat: $47,400

[game clues] [game scores] [suggest correction]

Game tape date: 2013-01-30
The J! Archive is created by fans, for fans. Scraping, republication, monetization, and malicious use prohibited; this site may use cookies and collect identifying information. See terms. The Jeopardy! game show and all elements thereof, including but not limited to copyright and trademark thereto, are the property of Jeopardy Productions, Inc. and are protected under law. This website is not affiliated with, sponsored by, or operated by Jeopardy Productions, Inc. Join the discussion at JBoard.tv.